|
|
|
|
| LEADER |
00946cam a2200217 7i4500 |
| 001 |
0000026178 |
| 005 |
20090204090000.0 |
| 008 |
090204 eng |
| 020 |
|
|
|a 9780136138730
|
| 090 |
0 |
0 |
|a HF111
|b .C35 2008
|
| 100 |
1 |
|
|a Cameron, Sheila
|
| 245 |
1 |
4 |
|a The MBA handbook :
|b skills for mastering management
|c Sheila Cameron.
|
| 250 |
|
|
|a 6th ed.
|
| 260 |
|
|
|a Harlow, Eng.:
|b Prentice Hall,
|c 2008.
|
| 300 |
|
|
|a xiii, 481 p.:
|b ill. (some col.);
|c 25cm.
|
| 504 |
|
|
|a Includes bibliographical references and index
|
| 650 |
0 |
0 |
|a UNISEL Graduate School of Management, Program
|
| 650 |
0 |
0 |
|a Master of business administration degree --
|x Handbooks, manuals, etc
|
| 650 |
0 |
0 |
|a Master of business administration degree --
|x Examinations --
|x Study guides --
|x Handbooks, manuals, etc
|
| 650 |
0 |
0 |
|a Management --
|x Examinations --
|x Study guides --
|x Handbooks, manuals,etc
|
| 999 |
|
|
|a 0000025056
|b BOK
|c REFERENCE
|e 2nd Floor, Shah Alam
|